00848nam a2200217 a 450000100100000000500170001000800410002702000180006804000250008608200150011110000440012624500540017026000660022430000210029050000410031150000570035250000580040950400330046795201130050099900170061300004086420201002034433.0130910s1995 pr 000 0 spa d a9780865814899 aDO-SdBNPbspacBNPHU axxxxbxxxx1 aFreites Matos, Isabel de,d1915-96728813aEl teatro y el niño /cIsabel Freites de Matos. aPuerto Rico, :bInstituto de cultura puertorriqueña,c1995. a163 p. ;c23 cm. aIncluye índices de autores y obras aIncluye datos biográficos del autor en las solapas aLa biblioteca posee la segunda reimpresión del 2008 aBibliografías : p. 143-163 001050718MOaGRbGRcHDd2013-09-10iLF1l0oxxxx xxxxp40864-10r2020-06-25w2020-06-25y1ZNo se presta c40354d40354